000 00750nam a2200253Ia 4500
003 OSt
005 20220918173216.0
006 a|||||r|||| 00| 0
007 ta
008 220917b |||||||| |||| 00| 0 eng d
024 _a5,632
037 _cTextual
040 _aARTS
_cARTS
_beng
041 _2eng
_aeng
082 _a2.71.N, L6
100 _aHorcky Paul L ed
_945337
245 0 _aEast central and southeast europ
_b A Handbook of library and archival resources in north America
260 _aOxford
_bClio Press
_c1976
300 _axi,466p
_ccm.
650 _aLIBRARY SCIENCE
700 _a Kraus David H ed
_945338
942 _h2.71.N, L6
_cTEXL
_2CC
999 _c147661
_d147661